000 00372nam a2200133Ia 4500
005 20260328101442.0
008 260328s9999||||xx |||||||||||||| ||und||
100 _aGill, Robert
245 0 _aManual of rendering with pen and ink :
_b With 166 illustrations /
_cRobert Gill
260 _bThames & Hudson
300 _a368 p.
650 _aDIBUJO ARQUITECTÓNICO
942 _cBK
999 _c8297
_d8297